00460nam a2200157Ia 4500008004100000020001500041082001500056100001800071245004800089250000800137260003800145300002900183500001900212600002100231650005000252240925s9999 xx 000 0 und d a8120323734 a006.32 HAY aHaykin, Simon 0aNeural Networks: a comprehensive foundation a2nd aNew Delhi:bPrentice Hallc,2003. aviii,482p.bNAfOriginal aIncludes Index aComputer Science aComputer science, information & general works